Lao People's Democratic Republic : Joint Staff Advisory Note on the Second Poverty Reduction Strategy Paper and Annual Progress Report.

This Joint Staff Advisory Note reviews the National Socio-Economic Development Plan (NSEDP) 2006-10 and the Annual Progress Report for Lao People's Democratic Republic (PDR). The government of PDR approved the Sixth NSEDP 2006-10 (PRSP) in June 2006. The NSEDP provides a comprehensive strategy...

Ful tanımlama

Detaylı Bibliyografya
Müşterek Yazar: International Monetary Fund
Materyal Türü: Dergi
Dil:English
Baskı/Yayın Bilgisi: Washington, D.C. : International Monetary Fund, 2008.
Seri Bilgileri:IMF Staff Country Reports; Country Report ; No. 2008/343
Online Erişim:Full text available on IMF
LEADER 01680cas a2200241 a 4500
001 AALejournalIMF005439
008 230101c9999 xx r poo 0 0eng d
020 |c 5.00 USD 
020 |z 9781451822625 
022 |a 1934-7685 
040 |a BD-DhAAL  |c BD-DhAAL 
110 2 |a International Monetary Fund. 
245 1 0 |a Lao People's Democratic Republic :   |b Joint Staff Advisory Note on the Second Poverty Reduction Strategy Paper and Annual Progress Report. 
264 1 |a Washington, D.C. :  |b International Monetary Fund,  |c 2008. 
300 |a 1 online resource (13 pages) 
490 1 |a IMF Staff Country Reports 
500 |a <strong>Off-Campus Access:</strong> No User ID or Password Required 
500 |a <strong>On-Campus Access:</strong> No User ID or Password Required 
506 |a Electronic access restricted to authorized BRAC University faculty, staff and students 
520 3 |a This Joint Staff Advisory Note reviews the National Socio-Economic Development Plan (NSEDP) 2006-10 and the Annual Progress Report for Lao People's Democratic Republic (PDR). The government of PDR approved the Sixth NSEDP 2006-10 (PRSP) in June 2006. The NSEDP provides a comprehensive strategy for development, with a range of medium- and long-term policies aimed at sustained growth and poverty reduction. IMF staff agrees with the poverty diagnosis in the NSEDP, but recognizes that achieving the Millennium Development Goals will require major efforts. 
538 |a Mode of access: Internet 
830 0 |a IMF Staff Country Reports; Country Report ;  |v No. 2008/343 
856 4 0 |z Full text available on IMF  |u http://elibrary.imf.org/view/journals/002/2008/343/002.2008.issue-343-en.xml  |z IMF e-Library